[Event "DEM U10 2024"]
[Site "Willingen GER"]
[Date "2024.05.19"]
[Round "1"]
[White "Dombert, Johannes"]
[Black "Bergmann, Rafael Antonio"]
[Result "0-1"]
[Termination "normal"]
[Board "13"]
[WhiteElo "1270"]
[BlackElo "1776"]
[WhiteClock "01:00:24"]
[BlackClock "00:39:09"]
[PlyCount "92"]
[WhiteFideId "533001766"]
[BlackFideId "34635076"]
[EventCountry "GER"]
[EventRounds "11"]
[EventType "swiss"]
[EventDate "2024.05.18"]

1. e4 {[%clk 01:15:58]} {[%emt 00:00:02]} e5 {[%clk 01:15:54]} {[%emt
00:00:07]} 2. Nf3 {[%clk 01:16:24]} {[%emt 00:00:04]} Nc6 {[%clk 01:16:17]}
{[%emt 00:00:07]} 3. d4 {[%clk 01:16:49]} {[%emt 00:00:05]} exd4 {[%clk
01:16:38]} {[%emt 00:00:08]} 4. Nxd4 {[%clk 01:17:13]} {[%emt 00:00:06]} Nf6
{[%clk 01:16:40]} {[%emt 00:00:28]} 5. Nxc6 {[%clk 01:17:36]} {[%emt 00:00:08]}
bxc6 {[%clk 01:16:44]} {[%emt 00:00:26]} 6. e5 {[%clk 01:18:00]} {[%emt
00:00:07]} Qe7 {[%clk 01:16:47]} {[%emt 00:00:25]} 7. Qe2 {[%clk 01:18:25]}
{[%emt 00:00:05]} Nd5 {[%clk 01:16:45]} {[%emt 00:00:32]} 8. c4 {[%clk
01:18:47]} {[%emt 00:00:09]} Ba6 {[%clk 01:16:05]} {[%emt 00:01:10]} 9. b3
{[%clk 01:17:52]} {[%emt 00:01:24]} Nb6 {[%clk 01:15:29]} {[%emt 00:01:06]} 10.
Nd2 {[%clk 01:17:37]} {[%emt 00:00:45]} d6 {[%clk 01:10:12]} {[%emt 00:05:48]}
11. exd6 {[%clk 01:14:25]} {[%emt 00:03:41]} Qxe2+ {[%clk 01:09:47]} {[%emt
00:00:55]} 12. Bxe2 {[%clk 01:14:43]} {[%emt 00:00:11]} cxd6 {[%clk 01:10:12]}
{[%emt 00:00:07]} 13. Bb2 {[%clk 01:14:40]} {[%emt 00:00:33]} Be7 {[%clk
01:08:51]} {[%emt 00:01:50]} 14. Bf3 {[%clk 01:14:23]} {[%emt 00:00:47]} O-O
{[%clk 01:07:52]} {[%emt 00:01:29]} 15. Bxc6 {[%clk 01:13:58]} {[%emt
00:00:56]} Rac8 {[%clk 01:07:15]} {[%emt 00:01:06]} 16. Bf3 {[%clk 01:14:12]}
{[%emt 00:00:16]} Rfe8 {[%clk 01:04:42]} {[%emt 00:03:02]} 17. O-O {[%clk
01:14:23]} {[%emt 00:00:19]} d5 {[%clk 01:04:27]} {[%emt 00:00:47]} 18. Rfc1
{[%clk 01:13:56]} {[%emt 00:00:55]} Bg5 {[%clk 01:04:29]} {[%emt 00:00:29]} 19.
Rd1 {[%clk 01:12:35]} {[%emt 00:01:49]} Bxd2 {[%clk 00:59:52]} {[%emt
00:05:10]} 20. Rxd2 {[%clk 01:13:00]} {[%emt 00:00:05]} dxc4 {[%clk 01:00:02]}
{[%emt 00:00:19]} 21. bxc4 {[%clk 01:09:54]} {[%emt 00:03:36]} Nxc4 {[%clk
01:00:06]} {[%emt 00:00:26]} 22. Rc2 {[%clk 01:09:46]} {[%emt 00:00:37]} Nxb2
{[%clk 01:00:13]} {[%emt 00:00:24]} 23. Rxb2 {[%clk 01:10:01]} {[%emt
00:00:16]} Rc7 {[%clk 00:59:23]} {[%emt 00:01:19]} 24. Rab1 {[%clk 01:08:59]}
{[%emt 00:01:32]} Rce7 {[%clk 00:59:03]} {[%emt 00:00:50]} 25. h3 {[%clk
01:08:33]} {[%emt 00:00:56]} g6 {[%clk 00:58:27]} {[%emt 00:01:07]} 26. Bc6
{[%clk 01:08:38]} {[%emt 00:00:24]} Re1+ {[%clk 00:57:51]} {[%emt 00:01:06]}
27. Rxe1 {[%clk 01:08:20]} {[%emt 00:00:48]} Rxe1+ {[%clk 00:57:48]} {[%emt
00:00:35]} 28. Kh2 {[%clk 01:08:43]} {[%emt 00:00:05]} Bc4 {[%clk 00:56:45]}
{[%emt 00:01:33]} 29. Rb7 {[%clk 01:07:54]} {[%emt 00:01:20]} a6 {[%clk
00:56:19]} {[%emt 00:00:56]} 30. a4 {[%clk 01:07:55]} {[%emt 00:00:28]} Ra1
{[%clk 00:52:51]} {[%emt 00:03:59]} 31. Kg3 {[%clk 01:07:49]} {[%emt 00:00:33]}
h6 {[%clk 00:51:18]} {[%emt 00:02:04]} 32. Rb6 {[%clk 01:07:25]} {[%emt
00:00:54]} Kg7 {[%clk 00:50:07]} {[%emt 00:01:42]} 33. h4 {[%clk 01:04:42]}
{[%emt 00:03:13]} Ra2 {[%clk 00:48:51]} {[%emt 00:01:46]} 34. f3 {[%clk
01:03:32]} {[%emt 00:01:39]} Bf1 {[%clk 00:45:49]} {[%emt 00:03:33]} 35. f4
{[%clk 01:03:34]} {[%emt 00:00:29]} Ra3+ {[%clk 00:39:34]} {[%emt 00:06:45]}
36. Kf2 {[%clk 01:03:11]} {[%emt 00:00:50]} Bc4 {[%clk 00:39:34]} {[%emt
00:00:32]} 37. Rb4 {[%clk 01:02:17]} {[%emt 00:01:24]} Bd3 {[%clk 00:38:46]}
{[%emt 00:01:15]} 38. Be4 {[%clk 01:02:11]} {[%emt 00:00:33]} Bxe4 {[%clk
00:37:35]} {[%emt 00:01:47]} 39. Rxe4 {[%clk 01:02:35]} {[%emt 00:00:07]} Kf6
{[%clk 00:37:54]} {[%emt 00:00:10]} 40. g4 {[%clk 01:02:17]} {[%emt 00:00:47]}
Rh3 {[%clk 00:38:03]} {[%emt 00:00:22]} 41. Re1 {[%clk 01:01:19]} {[%emt
00:01:28]} Rxh4 {[%clk 00:37:57]} {[%emt 00:00:36]} 42. Kg3 {[%clk 01:01:40]}
{[%emt 00:00:10]} g5 {[%clk 00:38:16]} {[%emt 00:00:11]} 43. f5 {[%clk
01:01:39]} {[%emt 00:00:30]} h5 {[%clk 00:38:33]} {[%emt 00:00:13]} 44. Re4
{[%clk 00:59:45]} {[%emt 00:02:24]} Rxg4+ {[%clk 00:38:47]} {[%emt 00:00:16]}
45. Rxg4 {[%clk 01:00:09]} {[%emt 00:00:06]} hxg4 {[%clk 00:39:09]} {[%emt
00:00:09]} 46. Kxg4 {[%clk 01:00:24]} {[%emt 00:00:14]} a5 0-1

[Event "DEM U10 2024"]
[Site "Willingen GER"]
[Date "2024.05.19"]
[Round "1"]
[White "Barsov, Mikhail"]
[Black "Liu, Yichen"]
[Result "1-0"]
[Termination "normal"]
[Board "14"]
[WhiteElo "1708"]
[BlackElo "1212"]
[WhiteClock "00:56:44"]
[BlackClock "01:18:45"]
[PlyCount "103"]
[WhiteFideId "34623906"]
[BlackFideId "34677917"]
[EventCountry "GER"]
[EventRounds "11"]
[EventType "swiss"]
[EventDate "2024.05.18"]

1. c4 {[%clk 01:15:57]} {[%emt 00:00:02]} c6 {[%clk 01:15:53]} {[%emt
00:00:08]} 2. e4 {[%clk 01:16:21]} {[%emt 00:00:06]} Nf6 {[%clk 01:16:05]}
{[%emt 00:00:18]} 3. Nc3 {[%clk 01:16:46]} {[%emt 00:00:04]} d5 {[%clk
01:16:07]} {[%emt 00:00:29]} 4. cxd5 {[%clk 01:16:15]} {[%emt 00:01:01]} cxd5
{[%clk 01:16:25]} {[%emt 00:00:11]} 5. Bb5+ {[%clk 01:14:54]} {[%emt 00:01:51]}
Nc6 {[%clk 01:16:17]} {[%emt 00:00:39]} 6. e5 {[%clk 01:13:38]} {[%emt
00:01:46]} Ne4 {[%clk 01:15:49]} {[%emt 00:00:56]} 7. Nxe4 {[%clk 01:13:31]}
{[%emt 00:00:38]} dxe4 {[%clk 01:15:49]} {[%emt 00:00:29]} 8. Qc2 {[%clk
01:11:56]} {[%emt 00:02:04]} Qd5 {[%clk 01:15:22]} {[%emt 00:00:59]} 9. Bxc6+
{[%clk 01:06:01]} {[%emt 00:06:25]} bxc6 {[%clk 01:15:02]} {[%emt 00:00:50]}
10. f3 {[%clk 01:01:40]} {[%emt 00:04:51]} Bf5 {[%clk 01:14:59]} {[%emt
00:00:33]} 11. Qc3 {[%clk 00:57:34]} {[%emt 00:04:36]} g6 {[%clk 01:14:53]}
{[%emt 00:00:37]} 12. e6 {[%clk 00:55:20]} {[%emt 00:02:43]} Rg8 {[%clk
01:14:06]} {[%emt 00:01:18]} 13. exf7+ {[%clk 00:55:37]} {[%emt 00:00:13]} Kxf7
{[%clk 01:14:19]} {[%emt 00:00:15]} 14. Qb3 {[%clk 00:51:21]} {[%emt 00:04:47]}
Qxb3 {[%clk 01:14:30]} {[%emt 00:00:20]} 15. axb3 {[%clk 00:51:40]} {[%emt
00:00:11]} Bg7 {[%clk 01:14:31]} {[%emt 00:00:28]} 16. fxe4 {[%clk 00:50:35]}
{[%emt 00:01:35]} Bxe4 {[%clk 01:14:51]} {[%emt 00:00:10]} 17. Nf3 {[%clk
00:50:42]} {[%emt 00:00:20]} Rgb8 {[%clk 01:14:49]} {[%emt 00:00:35]} 18. Ng5+
{[%clk 00:50:41]} {[%emt 00:00:28]} Kg8 {[%clk 01:14:11]} {[%emt 00:01:10]} 19.
Nxe4 {[%clk 00:50:58]} {[%emt 00:00:13]} Rxb3 {[%clk 01:14:07]} {[%emt
00:00:35]} 20. Ra3 {[%clk 00:50:21]} {[%emt 00:01:04]} Rb4 {[%clk 01:13:51]}
{[%emt 00:00:49]} 21. Nc3 {[%clk 00:48:55]} {[%emt 00:01:56]} Bxc3 {[%clk
01:13:10]} {[%emt 00:01:10]} 22. Rxc3 {[%clk 00:48:19]} {[%emt 00:01:08]} Re4+
{[%clk 01:12:37]} {[%emt 00:01:03]} 23. Re3 {[%clk 00:48:26]} {[%emt 00:00:21]}
Rxe3+ {[%clk 01:12:43]} {[%emt 00:00:25]} 24. dxe3 {[%clk 00:48:52]} {[%emt
00:00:04]} Rd8 {[%clk 01:12:58]} {[%emt 00:00:15]} 25. Ke2 {[%clk 00:48:54]}
{[%emt 00:00:28]} Kf7 {[%clk 01:13:02]} {[%emt 00:00:27]} 26. Rd1 {[%clk
00:48:54]} {[%emt 00:00:28]} Rc8 {[%clk 01:12:44]} {[%emt 00:00:49]} 27. Rd7
{[%clk 00:49:03]} {[%emt 00:00:18]} a6 {[%clk 01:12:50]} {[%emt 00:00:28]} 28.
Bd2 {[%clk 00:49:07]} {[%emt 00:00:22]} Ke8 {[%clk 01:12:56]} {[%emt 00:00:28]}
29. Ra7 {[%clk 00:49:29]} {[%emt 00:00:07]} a5 {[%clk 01:13:01]} {[%emt
00:00:25]} 30. Bxa5 {[%clk 00:49:42]} {[%emt 00:00:16]} c5 {[%clk 01:12:54]}
{[%emt 00:00:38]} 31. Rc7 {[%clk 00:50:02]} {[%emt 00:00:08]} Rxc7 {[%clk
01:13:16]} {[%emt 00:00:10]} 32. Bxc7 {[%clk 00:50:29]} {[%emt 00:00:04]} Kd7
{[%clk 01:13:28]} {[%emt 00:00:18]} 33. Be5 {[%clk 00:50:45]} {[%emt 00:00:12]}
Ke6 {[%clk 01:13:36]} {[%emt 00:00:24]} 34. Bc3 {[%clk 00:51:06]} {[%emt
00:00:08]} Kd5 {[%clk 01:13:58]} {[%emt 00:00:08]} 35. Kf3 {[%clk 00:51:23]}
{[%emt 00:00:12]} g5 {[%clk 01:14:06]} {[%emt 00:00:23]} 36. b4 {[%clk
00:51:36]} {[%emt 00:00:17]} cxb4 {[%clk 01:14:28]} {[%emt 00:00:08]} 37. Bxb4
{[%clk 00:52:01]} {[%emt 00:00:05]} e5 {[%clk 01:14:19]} {[%emt 00:00:39]} 38.
Be7 {[%clk 00:52:25]} {[%emt 00:00:06]} h6 {[%clk 01:14:40]} {[%emt 00:00:09]}
39. e4+ {[%clk 00:52:39]} {[%emt 00:00:16]} Ke6 {[%clk 01:14:54]} {[%emt
00:00:16]} 40. Bf8 {[%clk 00:52:56]} {[%emt 00:00:13]} h5 {[%clk 01:15:13]}
{[%emt 00:00:12]} 41. g4 {[%clk 00:52:48]} {[%emt 00:00:36]} hxg4+ {[%clk
01:15:19]} {[%emt 00:00:25]} 42. Kxg4 {[%clk 00:53:12]} {[%emt 00:00:07]} Kf6
{[%clk 01:15:36]} {[%emt 00:00:12]} 43. Bh6 {[%clk 00:53:35]} {[%emt 00:00:06]}
Kg6 {[%clk 01:15:57]} {[%emt 00:00:09]} 44. Bxg5 {[%clk 00:54:01]} {[%emt
00:00:04]} Kg7 {[%clk 01:16:18]} {[%emt 00:00:10]} 45. h4 {[%clk 00:54:27]}
{[%emt 00:00:04]} Kg6 {[%clk 01:16:40]} {[%emt 00:00:08]} 46. h5+ {[%clk
00:54:54]} {[%emt 00:00:04]} Kg7 {[%clk 01:17:00]} {[%emt 00:00:09]} 47. Kf5
{[%clk 00:55:12]} {[%emt 00:00:11]} Kf7 {[%clk 01:17:23]} {[%emt 00:00:08]} 48.
h6 {[%clk 00:55:33]} {[%emt 00:00:10]} Kg8 {[%clk 01:17:45]} {[%emt 00:00:07]}
49. Kg6 {[%clk 00:55:54]} {[%emt 00:00:06]} Kh8 {[%clk 01:18:09]} {[%emt
00:00:08]} 50. Bf6+ {[%clk 00:56:19]} {[%emt 00:00:06]} Kg8 {[%clk 01:18:29]}
{[%emt 00:00:10]} 51. h7+ {[%clk 00:56:44]} {[%emt 00:00:05]} Kf8 {[%clk
01:18:45]} {[%emt 00:00:15]} 52. h8=Q# {[%emt 00:00:31]} 1-0

[Event "DEM U10 2024"]
[Site "Willingen GER"]
[Date "2024.05.19"]
[Round "1"]
[White "Wittenberger, Henri"]
[Black "Sauer, Ben"]
[Result "0-1"]
[Termination "normal"]
[Board "15"]
[WhiteElo "1210"]
[BlackElo "1626"]
[WhiteClock "00:22:01"]
[BlackClock "00:15:29"]
[PlyCount "117"]
[WhiteFideId "34691510"]
[BlackFideId "34606866"]
[EventCountry "GER"]
[EventRounds "11"]
[EventType "swiss"]
[EventDate "2024.05.18"]

1. e4 {[%clk 01:15:59]} c5 {[%clk 01:15:54]} {[%emt 00:00:07]} 2. Bc4 {[%clk
01:16:12]} {[%emt 00:00:16]} e6 {[%clk 01:16:16]} {[%emt 00:00:09]} 3. d3
{[%clk 01:16:14]} {[%emt 00:00:15]} a6 4. a4 {[%emt 00:02:01]} Nc6 {[%emt
00:00:36]} 5. Ne2 {[%clk 01:16:24]} {[%emt 00:00:14]} Nf6 {[%clk 01:15:05]}
{[%emt 00:00:52]} 6. O-O {[%emt 00:01:37]} d5 {[%clk 01:14:19]} 7. exd5 {[%clk
01:16:52]} {[%emt 00:00:11]} exd5 {[%clk 01:14:32]} {[%emt 00:00:17]} 8. Bb3
{[%clk 01:17:12]} {[%emt 00:00:09]} Be7 {[%clk 01:13:37]} {[%emt 00:01:25]} 9.
Nbc3 {[%clk 01:16:58]} {[%emt 00:00:44]} O-O {[%clk 01:12:03]} {[%emt
00:02:05]} 10. Nf4 {[%clk 01:14:14]} {[%emt 00:03:13]} d4 {[%clk 01:01:45]}
{[%emt 00:10:48]} 11. Nce2 {[%clk 01:07:20]} {[%emt 00:07:24]} g5 {[%clk
00:58:34]} {[%emt 00:03:40]} 12. Nh3 {[%clk 01:06:42]} {[%emt 00:01:08]} Bxh3
{[%clk 00:58:51]} {[%emt 00:00:14]} 13. gxh3 {[%clk 01:07:06]} {[%emt
00:00:05]} h6 {[%clk 00:56:51]} {[%emt 00:02:31]} 14. Ng3 {[%clk 01:03:32]}
{[%emt 00:04:04]} Qd7 {[%clk 00:54:57]} {[%emt 00:02:24]} 15. Kg2 {[%clk
01:00:31]} {[%emt 00:03:31]} Ne5 {[%clk 00:50:41]} {[%emt 00:04:46]} 16. Nh5
{[%clk 00:56:47]} {[%emt 00:04:14]} Ng6 {[%clk 00:47:24]} {[%emt 00:03:48]} 17.
Nxf6+ {[%clk 00:55:31]} {[%emt 00:01:46]} Bxf6 {[%clk 00:47:40]} {[%emt
00:00:14]} 18. Qh5 {[%clk 00:54:13]} {[%emt 00:01:45]} Nh4+ {[%clk 00:47:19]}
{[%emt 00:00:53]} 19. Kg3 {[%clk 00:51:31]} {[%emt 00:03:12]} Be5+ {[%clk
00:47:30]} {[%emt 00:00:19]} 20. f4 {[%clk 00:51:39]} {[%emt 00:00:22]} Bc7
{[%clk 00:28:00]} {[%emt 00:20:00]} 21. Qg4 {[%clk 00:44:05]} {[%emt 00:08:04]}
Qc6 {[%clk 00:21:40]} {[%emt 00:06:50]} 22. Rg1 {[%clk 00:40:30]} {[%emt
00:04:05]} Kh7 {[%clk 00:20:06]} {[%emt 00:02:04]} 23. Kf2 {[%clk 00:39:19]}
{[%emt 00:01:41]} Qf6 {[%clk 00:19:19]} {[%emt 00:01:16]} 24. Kg3 {[%clk
00:29:36]} {[%emt 00:10:13]} Rg8 {[%clk 00:16:08]} {[%emt 00:03:42]} 25. Kf2
{[%clk 00:26:17]} {[%emt 00:03:49]} Ng6 {[%clk 00:15:28]} {[%emt 00:01:09]} 26.
f5 {[%clk 00:21:51]} {[%emt 00:04:58]} Ne5 {[%clk 00:15:29]} {[%emt 00:00:28]}
27. Qe4 {[%clk 00:22:01]} {[%emt 00:00:20]} Nc6 28. Qd5 Ne7 29. Qxf7+ Qxf7 30.
Bxf7 Rgf8 31. Be6 Bxh2 32. Rh1 Nxf5 33. Rxh2 Ng7+ 34. Kg3 Nxe6 35. Re2 Rae8 36.
Bd2 Nc7 37. Rae1 Rxe2 38. Rxe2 Re8 39. Rf2 Kg6 40. h4 Nd5 41. hxg5 hxg5 42. Kg4
Ne3+ 43. Bxe3 Rxe3 44. Rf5 Rg3+ 45. Kxg3 Kxf5 46. a5 g4 47. c4 Kg5 48. b3 Kf5
49. Kf2 Kf4 50. Ke2 g3 51. Kf1 Kf3 52. Kg1 g2 53. b4 cxb4 54. c5 b3 55. c6 bxc6
56. Kh2 b2 57. Kh3 b1=Q 58. Kh4 Qb5 59. Kh3 Qh5# 0-1

[Event "DEM U10 2024"]
[Site "Willingen GER"]
[Date "2024.05.19"]
[Round "1"]
[White "Ding, Jerry Yunjie"]
[Black "Weßels, Keke"]
[Result "1-0"]
[Termination "normal"]
[Board "16"]
[WhiteElo "1650"]
[BlackElo "1207"]
[WhiteClock "00:25:36"]
[BlackClock "00:26:30"]
[PlyCount "123"]
[WhiteFideId "34614869"]
[BlackFideId "34640045"]
[EventCountry "GER"]
[EventRounds "11"]
[EventType "swiss"]
[EventDate "2024.05.18"]

1. d4 {[%clk 01:15:57]} {[%emt 00:00:02]} Nf6 {[%clk 01:15:50]} {[%emt
00:00:11]} 2. c4 {[%clk 01:16:24]} {[%emt 00:00:04]} g6 {[%clk 01:16:09]}
{[%emt 00:00:10]} 3. Nc3 {[%clk 01:16:49]} {[%emt 00:00:05]} Bg7 {[%clk
01:16:29]} {[%emt 00:00:10]} 4. e4 {[%clk 01:17:07]} {[%emt 00:00:12]} d6
{[%clk 01:16:44]} {[%emt 00:00:15]} 5. Be2 {[%clk 01:16:17]} {[%emt 00:01:20]}
O-O {[%clk 01:16:06]} {[%emt 00:01:07]} 6. Bg5 {[%clk 01:14:59]} {[%emt
00:01:49]} e5 {[%clk 01:15:40]} {[%emt 00:00:56]} 7. dxe5 {[%clk 01:13:50]}
{[%emt 00:01:40]} dxe5 {[%clk 01:15:50]} {[%emt 00:00:20]} 8. Qxd8 {[%clk
01:14:10]} {[%emt 00:00:09]} Rxd8 {[%clk 01:16:07]} {[%emt 00:00:12]} 9. Nd5
{[%clk 01:14:25]} {[%emt 00:00:17]} Nbd7 {[%clk 01:14:36]} {[%emt 00:02:00]}
10. Nxc7 {[%clk 01:13:52]} {[%emt 00:01:03]} Rb8 {[%clk 01:14:21]} {[%emt
00:00:45]} 11. Rd1 {[%clk 01:11:52]} {[%emt 00:02:30]} Rf8 {[%clk 01:12:49]}
{[%emt 00:01:58]} 12. Bf3 {[%clk 01:09:47]} {[%emt 00:02:40]} Nc5 {[%clk
01:10:31]} {[%emt 00:02:47]} 13. Ne2 {[%clk 01:09:09]} {[%emt 00:01:08]} Nfxe4
{[%clk 01:09:43]} {[%emt 00:01:17]} 14. Be7 {[%clk 01:09:20]} {[%emt 00:00:20]}
Bf5 {[%clk 01:05:50]} {[%emt 00:04:21]} 15. Bxf8 {[%clk 01:09:38]} {[%emt
00:00:14]} Bxf8 {[%clk 01:05:39]} {[%emt 00:00:40]} 16. O-O {[%clk 01:08:51]}
{[%emt 00:01:18]} Nd6 {[%clk 01:04:45]} {[%emt 00:01:23]} 17. Bd5 {[%clk
01:07:38]} {[%emt 00:01:44]} Bd3 {[%clk 01:04:25]} {[%emt 00:00:49]} 18. Rfe1
{[%clk 01:07:06]} {[%emt 00:01:03]} Nxc4 {[%clk 01:03:39]} {[%emt 00:01:15]}
19. b3 {[%clk 01:05:27]} {[%emt 00:02:10]} Nb6 {[%clk 01:00:39]} {[%emt
00:03:28]} 20. Nc1 {[%clk 01:01:03]} {[%emt 00:04:56]} Nxd5 {[%clk 00:59:24]}
{[%emt 00:01:44]} 21. Nxd5 {[%clk 01:00:48]} {[%emt 00:00:46]} Bf5 {[%clk
00:56:40]} {[%emt 00:03:08]} 22. Rxe5 {[%clk 00:59:58]} {[%emt 00:01:26]} Ne4
{[%clk 00:52:11]} {[%emt 00:04:56]} 23. f3 {[%clk 00:55:18]} {[%emt 00:05:13]}
Nc5 {[%clk 00:45:40]} {[%emt 00:06:58]} 24. Ne7+ {[%clk 00:48:15]} {[%emt
00:07:36]} Bxe7 {[%clk 00:44:18]} {[%emt 00:01:52]} 25. Rxe7 {[%clk 00:48:34]}
{[%emt 00:00:12]} Bc2 {[%clk 00:43:55]} {[%emt 00:00:49]} 26. Rd2 {[%clk
00:48:16]} {[%emt 00:00:51]} Bf5 {[%clk 00:43:43]} {[%emt 00:00:42]} 27. Rd5
{[%clk 00:45:23]} {[%emt 00:03:24]} Rc8 {[%clk 00:43:10]} {[%emt 00:01:02]} 28.
Ne2 {[%clk 00:44:26]} {[%emt 00:01:26]} Nd3 {[%clk 00:40:42]} {[%emt 00:02:55]}
29. g4 {[%clk 00:43:43]} {[%emt 00:01:17]} Nb4 {[%clk 00:40:11]} {[%emt
00:00:59]} 30. Rb5 {[%clk 00:43:35]} {[%emt 00:00:40]} Nc6 {[%clk 00:39:27]}
{[%emt 00:01:12]} 31. Rexb7 {[%clk 00:43:08]} {[%emt 00:00:59]} Bd3 {[%clk
00:39:03]} {[%emt 00:00:52]} 32. Nc3 {[%clk 00:42:21]} {[%emt 00:01:19]} Bxb5
{[%clk 00:38:37]} {[%emt 00:00:55]} 33. Nxb5 {[%clk 00:41:29]} {[%emt
00:01:24]} Ne5 {[%clk 00:38:03]} {[%emt 00:01:00]} 34. Rxa7 {[%clk 00:39:14]}
{[%emt 00:02:49]} Nxf3+ {[%clk 00:38:11]} {[%emt 00:00:20]} 35. Kg2 {[%clk
00:39:00]} {[%emt 00:00:45]} Nh4+ {[%clk 00:37:54]} {[%emt 00:00:47]} 36. Kg3
{[%clk 00:39:03]} {[%emt 00:00:27]} Rc5 {[%clk 00:34:54]} {[%emt 00:03:26]} 37.
a4 {[%clk 00:35:38]} {[%emt 00:03:59]} g5 {[%clk 00:33:35]} {[%emt 00:01:48]}
38. Rb7 {[%clk 00:35:01]} {[%emt 00:01:08]} Rc2 {[%clk 00:33:17]} {[%emt
00:00:48]} 39. Rc7 {[%clk 00:32:20]} {[%emt 00:03:12]} Rg2+ {[%clk 00:33:28]}
{[%emt 00:00:15]} 40. Kh3 {[%clk 00:32:34]} {[%emt 00:00:18]} h5 {[%clk
00:31:21]} {[%emt 00:02:37]} 41. gxh5 {[%clk 00:28:45]} {[%emt 00:04:20]} Rg1
{[%clk 00:26:34]} {[%emt 00:05:09]} 42. Nd4 {[%clk 00:25:36]} {[%emt 00:03:47]}
Kg7 {[%clk 00:26:30]} {[%emt 00:00:33]} 43. a5 Kh6 44. Ne2 Rg2 45. Ng3 Rg1 46.
a6 f5 47. Rc6+ Kg7 48. Ne2 Rg2 49. Nf4 Rg1 50. Ne2 Rg2 51. Ng3 Rg1 52. b4 Nf3
53. Nxf5+ Kf7 54. Nh6+ Kg7 55. Ng4 Nd4 56. Rc7+ Kf8 57. Rc8+ Ke7 58. a7 Ne6 59.
Rc4 Nf4+ 60. Rxf4 gxf4 61. a8=Q Rg3+ 62. hxg3 1-0